LEADER 01536nam 2200529 450 001 9910460651503321 005 20200520144314.0 010 $a80-246-2617-9 035 $a(CKB)3710000000409614 035 $a(EBL)2057516 035 $a(SSID)ssj0001576990 035 $a(PQKBManifestationID)16247361 035 $a(PQKBTitleCode)TC0001576990 035 $a(PQKBWorkID)14855710 035 $a(PQKB)10862675 035 $a(MiAaPQ)EBC2057516 035 $a(Au-PeEL)EBL2057516 035 $a(CaPaEBR)ebr11062628 035 $a(OCoLC)910815595 035 $a(EXLCZ)993710000000409614 100 $a20150620h20142014 uy 0 101 0 $acze 135 $aur|n|---||||| 181 $ctxt 182 $cc 183 $acr 200 10$aDuchodova? reforma /$fMarek Louzek 210 1$a[Prague, Czech Republic] :$cUniverzita Karlova v Praze, Nakladatelstvi? Karolinum,$d2014. 210 4$dİ2014 215 $a1 online resource (100 p.) 300 $aDescription based upon print version of record. 311 $a80-246-2612-8 320 $aIncludes bibliographical references. 606 $aPensions$xFinance 606 $aPension trusts$xManagement 608 $aElectronic books. 615 0$aPensions$xFinance. 615 0$aPension trusts$xManagement. 676 $a331.2524 700 $aLouz?ek$b Marek$0905044 801 0$bMiAaPQ 801 1$bMiAaPQ 801 2$bMiAaPQ 906 $aBOOK 912 $a9910460651503321 996 $aDuchodova? reforma$92165734 997 $aUNINA LEADER 00967nas 2200349 a 450 001 996336100703316 005 20221206193336.0 011 $a1944-7361 035 $a(OCoLC)60626564 035 $a(CKB)954925555420 035 $a(CONSER) 2008202652 035 $a(MiAaPQ)36963 035 $a(EXLCZ)99954925555420 100 $a20050614a19879999 sy a 101 0 $aeng 135 $aurun|||||| 200 00$aACI Structural Journal 210 $aDetroit, Mich. :$cAmerican Concrete Institute 300 $aRefereed/Peer-reviewed 311 $a0889-3241 606 $aConcrete construction$vPeriodicals 606 $aConcrete$vPeriodicals 606 $aRevistas digitales$2LOCAL 615 0$aConcrete construction 615 0$aConcrete 615 27$aRevistas digitales 676 $a624.1 712 02$aAmerican Concrete Institute. 906 $aJOURNAL 912 $a996336100703316 996 $aACI structural journal$9802092 997 $aUNISA